000 00505nam a2200193 a 4500
001 1767860135941
003 YourLibrary
005 20260108150647.0
008 260108s1996##################000#0#eng##
020 _a9780521560221
082 0 4 _a301.01
_bSEH
100 1 _aSchatzki, Theodore R.,
_eauthor.
245 1 0 _aSocial Practices :
260 _bCambridge University Press,
_c1996.
300 _a272 pages
650 0 _aPhilosophy.
942 _cENGLISH
040 _aYourLibrary
_beng
_cYourLibrary
999 _c607876
_d607876